| 000 | 02321cam a2200361 a 4500 | ||
|---|---|---|---|
| 001 | 15866898 | ||
| 005 | 20170105102918.0 | ||
| 008 | 090813s2010 nyuab b 001 0 eng | ||
| 010 | _a 2009033153 | ||
| 020 | _a9781400065806 (acidfree paper) | ||
| 020 | _a1400065801 (acidfree paper) | ||
| 020 | _a9781588369758 (ebook) | ||
| 020 | _a1588369757 (ebook) | ||
| 040 |
_aDLC _cDLC _dBTCTA |
||
| 043 |
_ae------ _aaw----- |
||
| 050 | 0 | 0 |
_aD157 _b.P55 2010 |
| 082 | 0 | 0 |
_a909.07 _222 |
| 100 | 1 |
_aPhillips, Jonathan _q(Jonathan P.) |
|
| 245 | 1 | 0 |
_aHoly warriors : _ba modern history of the crusades / _cJonathan Phillips. |
| 250 | _a1st ed. | ||
| 260 |
_aNew York : _bRandom House, _c2010. |
||
| 300 |
_axxv, 434 p. : _bill., maps _c25 cm. |
||
| 504 | _aIncludes bibliographical references and index. | ||
| 505 | 0 | _a"Deus vult!": the First Crusade and the capture of Jerusalem, 1095-1099 -- "May god's curse be upon them!": relations between Muslims and Franks in the Levant, 1099-1187 -- "A woman of unusual wisdom and discretion": queen melisende of jerusalem -- The "blessed generation": St. Bernard of Clairvaux and the Second Crusade, 1145-1149 -- Saladin, the leper king and the fall of Jerusalem in 1187 -- "Nowhere in the world would ever two such princes be found": Richard the Lionheart, Saladin and the Third Crusade -- "An example of affliction and the works of hell": the Fourth Crusade and the sack of Constantinople, 1204 -- From "little foxes in the vines" and the Children's Crusade to the greatest church council of the age -- "Stupor mundi": the wonder of the world: Frederick II, the Fifth Crusade and the recovery of Jerusalem -- "To kill the serpent, first you must crush the head": the crusade of Louis IX and the rise of the sultan baibars -- From the trial of the Templars to Ferdinand and Isabella, Columbus and the conquest of the new world -- New crusaders? From Sir Walter Scott to Osama Bin Laden and George W. Bush. | |
| 650 | 0 | _aCrusades. | |
| 650 | 0 |
_aCrusades _xInfluence. |
|
| 650 | 0 | _aReligion and civilization. | |
| 651 | 0 |
_aMiddle East _xHistory. |
|
| 651 | 0 |
_aEurope _xChurch history _y600-1500. |
|
| 906 |
_a7 _bcbc _corignew _d1 _eecip _f20 _gy-gencatlg |
||
| 942 |
_2ddc _cBK |
||
| 999 |
_c15440 _d15440 |
||